| 000 | 01159cam a2200265 i 4500 | ||
|---|---|---|---|
| 003 | SA-RiAUC | ||
| 005 | 20250609101652.0 | ||
| 008 | 250609s1997 ua g 000 0dara c | ||
| 040 |
_aJO-AmJU _bara _cSA-RiAUC _erda |
||
| 082 | 0 | 4 | _a234.6 |
| 090 |
_a234.6 _bا ب ن ح |
||
| 100 | 1 |
_aابن حمزة الحسيني، محمد بن علي بن الحسن، _d715-765 هجري _eمؤلف. |
|
| 245 | 1 | 0 |
_aكتاب التذكرة لمعرفة رجال الكتب العشرة / _cأبو المحاسن محمد بن علي الحسيني ؛ تحقيق رفعت فوزي عبد المطلب. |
| 246 | 3 | 3 | _aالتذكرة لمعرفة رجال الكتب العشرة |
| 264 | 1 |
_aالقاهرة : _bمكتبة الخانجي، _c1997 |
|
| 300 | _aمجلد | ||
| 336 |
_aنص _btxt _2rdacontent _3كتاب |
||
| 337 |
_aبدون وسيط _bn _2rdamedia |
||
| 338 |
_aمجلد _bnc _2rdacarrier |
||
| 650 | 7 |
_aالحديث _xتراجم الرواة _2aucsh |
|
| 650 | 7 |
_aالحديث _xالجرح والتعديل _2aucsh |
|
| 700 | 1 |
_aعبد المطلب، رفعت فوزي، _d1940- _eمحقق. |
|
| 942 |
_2ddc _cBOOK |
||
| 949 |
_aSA-JeALM _d250609 _ukhaled123 _n1 |
||
| 999 |
_c8754 _d8754 |
||